Komunikujte cez elektronickú schránku

Elektronická schránka v procese komunikácie. Zriadenie elektronických schránok. Prístup a disponovanie s elektronickou schránkou, jej zrušenie.

Guardado en:
Detalles Bibliográficos
Autor principal: Hrašková, Dagmar
Formato: Capítulo de libro
Lenguaje:eslovaco
Materias:
Etiquetas: Agregar Etiqueta
Sin Etiquetas, Sea el primero en etiquetar este registro!

MARC

LEADER 00000naa a2200000 4500
001 0210813
005 20231120135635.4
041 0 |a slo 
044 |a SK 
245 1 0 |a Komunikujte cez elektronickú schránku  |c Dagmar Hrašková 
520 |a Elektronická schránka v procese komunikácie. Zriadenie elektronických schránok. Prístup a disponovanie s elektronickou schránkou, jej zrušenie. 
610 2 0 |a komunikácia 
610 2 0 |a komunikácia elektronická 
100 1 |a Hrašková, Dagmar